[Event "Sveins 10. minneturnering"]
[Site "Oslo"]
[Date "2017.06.24"]
[Round "2"]
[White "Papanek, Ella Sharpe"]
[Black "Grønn, Eskil Ekeland"]
[Result "1/2-1/2"]
[WhiteElo "1671"]
[BlackElo "1962"]
[PlyCount "265"]
[EventDate "2017.??.??"]

1. d4 g6 2. c4 Bg7 3. Nc3 c5 4. d5 Bxc3+ 5. bxc3 f5 6. Bf4 d6 7. f3 Nf6 8. Qc2
Qa5 9. e3 Nbd7 10. Nh3 b5 11. Rb1 bxc4 12. Bxc4 Nb6 13. Bb5+ Kd8 14. Bc6 Nfxd5
15. Rb5 Qa6 16. Ng5 Nxf4 17. Rxb6 axb6 18. Bxa8 Nd3+ 19. Kd2 Ne5 20. Bd5 h6 21.
Nf7+ Nxf7 22. Bxf7 Rf8 23. Qb3 g5 24. Bc4 Qa5 25. Rb1 Kc7 26. Ke1 g4 27. Kf2
Bb7 28. Bb5 d5 29. Rd1 gxf3 30. gxf3 f4 31. e4 c4 32. Qb2 e6 33. a4 dxe4 34.
Rd7+ Kc8 35. fxe4 Rd8 36. Rxd8+ Kxd8 37. Qd2+ Kc7 38. Kf3 e5 39. Qd7+ Kb8 40.
Qd6+ Ka7 41. Qxe5 Bc6 42. Qc7+ Bb7 43. Qxc4 Kb8 44. Kxf4 Qa7 45. e5 Bc8 46. Qd5
Qg7 47. Qd6+ Ka7 48. Qf6 Qg4+ 49. Ke3 Qg1+ 50. Qf2 Qc1+ 51. Qd2 Qg1+ 52. Qf2
Qc1+ 53. Kd4 Qa3 54. Qf7+ Bb7 55. Qc7 Qc1 56. Qg7 Qh1 57. Bd3 Qxh2 58. Qh7 Qf2+
59. Kc4 Qf4+ 60. Kb3 Qxe5 61. Qxh6 Qd5+ 62. Bc4 Qd1+ 63. Ka3 Qa1+ 64. Kb4 Qb2+
65. Bb3 Bd5 66. Qh7+ Ka8 67. Qc2 Qxc2 68. Bxc2 Kb7 69. Bd3 Bc6 70. Bb5 Bd5 71.
Be8 Kc7 72. c4 Be6 73. Kb5 Kd8 74. Bg6 Bd7+ 75. Kb4 Be6 76. Be4 Kc7 77. Bd5 Bd7
78. Bf7 Kd6 79. Bd5 Kc7 80. Ba8 Kb8 81. Be4 Kc7 82. Bc2 Kd6 83. Bb3 Kc6 84. Bd1
Kd6 85. Bf3 Kc7 86. a5 bxa5+ 87. Kxa5 Bc6 88. Bg4 Kd6 89. Kb6 Ba4 90. c5+ Ke7
91. Kc7 Bb5 92. Bc8 Ba4 93. Bb7 Bb5 94. Bc6 Bc4 95. Kc8 Be6+ 96. Kc7 Bc4 97.
Be4 Bb5 98. Bd5 Ba4 99. Kb6 Kd8 100. Ka5 Bd7 101. Kb6 Ba4 102. Bc4 Bd7 103. Ba6
Ba4 104. Bb7 Bd7 105. Bc6 Be6 106. Kb7 Bc4 107. Be4 Bb5 108. Kb6 Ba4 109. Bd3
Bd7 110. Kb7 Ba4 111. Bc4 Bd7 112. Bb3 Bb5 113. Kb6 Be8 114. Bc4 Ba4 115. Ba6
Bd7 116. Bb7 Ba4 117. Bd5 Bd7 118. Bc6 Be6 119. Be4 Bd7 120. Ka5 Kc7 121. Kb4
Bc6 122. Bf5 Bd5 123. Kc3 Bc6 124. Kd4 Bb5 125. Be4 Bc6 126. Bxc6 Kxc6 127. Kc4
Kc7 128. Kd5 Kd7 129. c6+ Kc7 130. Kc5 Kc8 131. Kb6 Kb8 132. c7+ Kc8 133. Kc6
1/2-1/2

[Event "Sveins 10. minneturnering"]
[Site "Oslo"]
[Date "2017.06.24"]
[Round "2"]
[White "Rødsmoen, Maud"]
[Black "Røneid, Heidi"]
[Result "1-0"]
[WhiteElo "1947"]
[BlackElo "1702"]
[PlyCount "85"]
[EventDate "2017.??.??"]

1. e4 c5 2. Nf3 Nc6 3. d4 cxd4 4. Nxd4 e6 5. Nc3 a6 6. Be3 Qc7 7. Be2 Nf6 8.
O-O Bb4 9. Na4 b5 10. Nxc6 dxc6 11. Nb6 Rb8 12. Nxc8 Rxc8 13. Bf3 O-O 14. Qe2
Rcd8 15. a4 Ra8 16. Rfd1 Nd7 17. g3 Nb6 18. c3 Be7 19. axb5 axb5 20. b3 Rxa1
21. Rxa1 Ra8 22. Rxa8+ Nxa8 23. Qa2 Qb7 24. Qa5 Nc7 25. Bb6 Ne8 26. e5 f6 27.
Qxb5 cxb5 28. Bxb7 fxe5 29. Bc6 Nd6 30. Bc5 Kf7 31. Kf1 h6 32. Ke2 h5 33. b4
Kf6 34. Kd3 e4+ 35. Bxe4 Nf7 36. Bxe7+ Kxe7 37. Kd4 Kd6 38. Bg6 e5+ 39. Kd3 Ng5
40. Bxh5 Kd5 41. Be2 e4+ 42. Ke3 Nf7 43. Bxb5
1-0

[Event "Sveins 10. minneturnering"]
[Site "Oslo"]
[Date "2017.06.24"]
[Round "2"]
[White "Omtvedt, Per"]
[Black "Sidali, Elias Hulleberg"]
[Result "1/2-1/2"]
[WhiteElo "1934"]
[BlackElo "1675"]
[PlyCount "56"]
[EventDate "2017.??.??"]

1. e4 c5 2. Nc3 Nc6 3. g3 g6 4. Bg2 Bg7 5. d3 e6 6. Be3 b6 7. Qd2 Nge7 8. Nge2
d5 9. exd5 exd5 10. Bh6 O-O 11. Bxg7 Kxg7 12. Nf4 d4 13. Ne4 Rb8 14. h4 Re8 15.
O-O Bb7 16. Ng5 Qd6 17. Rfe1 Ne5 18. Ne4 Qc7 19. h5 Nf5 20. hxg6 hxg6 21. Nh3
Nd6 22. Qf4 Nxe4 23. Bxe4 Bxe4 24. Rxe4 f6 25. Rae1 Re7 26. Kg2 Qc6 27. f3 Rbe8
28. b3 Qd7
1/2-1/2

[Event "Sveins 10. minneturnering"]
[Site "Oslo"]
[Date "2017.06.24"]
[Round "2"]
[White "Grønn, Embla Ekeland"]
[Black "Lund, Gunnar"]
[Result "0-1"]
[WhiteElo "1616"]
[BlackElo "1914"]
[PlyCount "68"]
[EventDate "2017.??.??"]

1. d4 Nf6 2. Nc3 d5 3. Bg5 c5 4. e3 Nc6 5. Nf3 Bg4 6. Be2 e6 7. O-O Be7 8. a3
O-O 9. dxc5 Bxc5 10. b4 Be7 11. Nd4 Bxe2 12. Ncxe2 Ne5 13. Nb3 Nc4 14. Nd2 Nxd2
15. Qxd2 Ne4 16. Bxe7 Nxd2 17. Bxd8 Nxf1 18. Kxf1 Rfxd8 19. Nd4 g6 20. Ke2 e5
21. Nf3 f6 22. Rd1 Rac8 23. Rd2 Rc3 24. a4 Rc4 25. a5 Rxb4 26. c3 Ra4 27. Rb2
Rd7 28. Rb5 Ra3 29. Rc5 Kf7 30. Nd2 Ke6 31. e4 Ra2 32. Rxd5 Rxd5 33. exd5+ Kxd5
34. Kd3 Rxa5
0-1

[Event "Sveins 10. minneturnering"]
[Site "Oslo"]
[Date "2017.06.24"]
[Round "2"]
[White "Folkvord, Svein"]
[Black "Grindbakken, Erik"]
[Result "1-0"]
[WhiteElo "1885"]
[BlackElo "1624"]
[PlyCount "89"]
[EventDate "2017.??.??"]

1. d4 Nf6 2. c4 g6 3. Nc3 Bg7 4. e4 d6 5. Be2 O-O 6. Nf3 c5 7. O-O cxd4 8. Nxd4
Nc6 9. Be3 Bd7 10. f3 Ne8 11. Kh1 Nc7 12. Qd2 Ne6 13. Nc2 Rc8 14. Rad1 Ne5 15.
b3 b6 16. f4 Nc6 17. f5 Nc5 18. Bh6 f6 19. b4 Nb7 20. Rf3 Ne5 21. Rh3 Nf7 22.
Bxg7 Kxg7 23. Nd4 g5 24. Bd3 Rh8 25. Qe2 h6 26. Nd5 Qe8 27. Ne6+ Bxe6 28. fxe6
Ne5 29. Ne3 h5 30. Nf5+ Kg6 31. c5 bxc5 32. Bb5 Qg8 33. Ba6 Rc7 34. Bxb7 Rxb7
35. bxc5 dxc5 36. Qf2 Rc7 37. Ne3 Rc6 38. Nd5 Ng4 39. Qf5+ Kg7 40. Rb3 Qd8 41.
Rb7 Re8 42. h3 Ne5 43. Qxf6+ Kh7 44. Ne3 Qa5 45. Nf5
1-0

[Event "Sveins 10. minneturnering"]
[Site "Oslo"]
[Date "2017.06.24"]
[Round "2"]
[White "Amarapala, Sheroni"]
[Black "Kvendseth, Cornelius"]
[Result "0-1"]
[WhiteElo "1471"]
[BlackElo "1849"]
[PlyCount "66"]
[EventDate "2017.??.??"]

1. e4 c5 2. Nf3 Nc6 3. d4 cxd4 4. Nxd4 Nf6 5. Nc3 e5 6. Nf3 Bb4 7. Bd3 d6 8. h3
Be6 9. O-O Bxc3 10. bxc3 Qc7 11. Re1 O-O-O 12. Nd2 d5 13. Bb2 g5 14. Qb1 g4 15.
h4 g3 16. Rf1 Qe7 17. exd5 Bxd5 18. c4 Be6 19. Ne4 Nxe4 20. Bxe4 Qxh4 21. fxg3
Qxe4 22. Ba3 Qe3+ 23. Rf2 Qxa3 24. Rf3 Qc5+ 25. Kh1 Bxc4 26. Qb2 Rd6 27. Qc1
Nd4 28. Ra3 Ne2 29. Qg5 Qxa3 30. Qg7 Qe3 31. Qxh8+ Kc7 32. Qxh7 Rh6+ 33. Qxh6
Qxh6#
0-1

[Event "Sveins 10. minneturnering"]
[Site "Oslo"]
[Date "2017.06.24"]
[Round "2"]
[White "Sundsbo, Sigve"]
[Black "Gaure, Sigurd Lauvas"]
[Result "0-1"]
[WhiteElo "1796"]
[BlackElo "1532"]
[PlyCount "74"]
[EventDate "2017.??.??"]

1. d4 Nf6 2. c4 g6 3. Nc3 Bg7 4. e4 d6 5. f3 O-O 6. Be3 Nbd7 7. Qd2 Re8 8. Bd3
e5 9. d5 Nb6 10. Nge2 c5 11. O-O Bd7 12. Rab1 Nc8 13. a3 a5 14. b4 axb4 15.
axb4 b6 16. bxc5 bxc5 17. Rb2 Nb6 18. Rfb1 Na4 19. Nxa4 Rxa4 20. Nc3 Ra3 21.
Rb6 Qc7 22. Qb2 Rea8 23. Bd2 Ra1 24. Rxa1 Rxa1+ 25. Kf2 Ra8 26. Rb7 Qd8 27. Ne2
Ne8 28. Kg1 f5 29. exf5 e4 30. Bc3 exd3 31. Bxg7 dxe2 32. Bc3 Qf6 33. Kf2 Qh4+
34. Kxe2 Qxc4+ 35. Kd1 Ra2 36. Qb3 Qf1+ 37. Be1 Qe2+
0-1

[Event "Sveins 10. minneturnering"]
[Site "Oslo"]
[Date "2017.06.24"]
[Round "2"]
[White "Sharma, Neil E"]
[Black "Næss, Sara"]
[Result "0-1"]
[WhiteElo "1402"]
[BlackElo "1795"]
[PlyCount "54"]
[EventDate "2017.??.??"]

1. d4 Nf6 2. c4 g6 3. Nc3 Bg7 4. e4 d6 5. Nf3 O-O 6. Bd3 c5 7. d5 Nbd7 8. O-O
Ng4 9. Qc2 Nge5 10. Nxe5 Nxe5 11. Bf4 Bd7 12. Rfd1 Rb8 13. a4 f5 14. exf5 Bxf5
15. Bxf5 Rxf5 16. Bxe5 Bxe5 17. Ne2 Qf8 18. Nc1 Qh6 19. h3 Qf4 20. g3 Qg5 21.
Kg2 Rbf8 22. Nd3 Bd4 23. Rf1 Rf3 24. Rae1 Qf5 25. Rd1 Qe4 26. Kg1 Rxg3+ 27. Kh2
Qg2#
0-1

[Event "Sveins 10. minneturnering"]
[Site "Oslo"]
[Date "2017.06.24"]
[Round "2"]
[White "Merkesvik, Amalie Isabel"]
[Black "Landsverk, Ida"]
[Result "1/2-1/2"]
[WhiteElo "1782"]
[BlackElo "1415"]
[PlyCount "101"]
[EventDate "2017.??.??"]

1. e4 c5 2. Nf3 d6 3. d4 cxd4 4. Nxd4 Nf6 5. Nc3 a6 6. Be2 e5 7. Nb3 Be6 8. Be3
Be7 9. O-O O-O 10. Kh1 b5 11. f3 Nbd7 12. Qd2 Nb6 13. Bxb6 Qxb6 14. Nd1 d5 15.
exd5 Nxd5 16. c4 Nf4 17. Nc3 Rfd8 18. Nd5 Nxd5 19. cxd5 Bxd5 20. Qc3 f6 21.
Rac1 Rd7 22. Rfd1 Rad8 23. Nd2 Bb7 24. Nf1 Qf2 25. Ng3 Rxd1+ 26. Bxd1 Rc8 27.
Bb3+ Kf8 28. Qe1 Rxc1 29. Qxc1 Qc5 30. Qd1 Qd4 31. Qxd4 exd4 32. Kg1 Bc5 33.
Kf1 g6 34. Ke2 Ke7 35. Kd3 Kd6 36. Ne2 Bd5 37. Nxd4 Bxd4 38. Kxd4 Bxb3 39. axb3
a5 40. h4 h5 41. g4 Kc6 42. gxh5 gxh5 43. f4 a4 44. b4 Kd6 45. Ke4 Ke6 46. f5+
Kd6 47. Kd4 Kc6 48. Ke4 Kd6 49. Kd4 Kc6 50. Ke4 Kd6 51. Kd4
1/2-1/2

[Event "Sveins 10. minneturnering"]
[Site "Oslo"]
[Date "2017.06.24"]
[Round "2"]
[White "Vestjord, Harald Christian"]
[Black "Kreken, Eivind Grunt"]
[Result "1-0"]
[WhiteElo "1760"]
[BlackElo "1386"]
[PlyCount "99"]
[EventDate "2017.??.??"]

1. d4 Nf6 2. c4 c5 3. d5 d6 4. Nc3 g6 5. e4 Bg7 6. Nf3 e5 7. h3 Na6 8. a3 Nc7
9. g4 Bd7 10. Be3 Rb8 11. b4 b6 12. b5 Qc8 13. Qd2 h6 14. g5 hxg5 15. Nxg5 Ng4
16. h4 Nxe3 17. Qxe3 Bh6 18. Qg3 Bxg5 19. Qxg5 Qd8 20. Qg3 Qf6 21. Ne2 Ke7 22.
a4 a5 23. Ra3 Kd8 24. Rf3 Qe7 25. h5 gxh5 26. Qg7 Qf8 27. Qxf8+ Rxf8 28. Bh3
Bg4 29. Bxg4 hxg4 30. Rg3 Ke7 31. Rxg4 Rg8 32. Rxg8 Rxg8 33. Ng3 Ne8 34. Ke2
Ng7 35. Rh7 Kf6 36. Rh6+ Ke7 37. Ke3 Rf8 38. Rh7 Kf6 39. f4 Kg6 40. Rh4 f6 41.
f5+ Kf7 42. Kf3 Rg8 43. Nf1 Ke7 44. Ne3 Rf8 45. Ng4 Kd7 46. Rh7 Rf7 47. Nxf6+
Ke7 48. Ng4 Ke8 49. f6 Nf5 50. Rh8+
1-0

[Event "Sveins 10. minneturnering"]
[Site "Oslo"]
[Date "2017.06.24"]
[Round "2"]
[White "Evenshaug, Amadeus Hestvik"]
[Black "Svanholm, Børge W"]
[Result "0-1"]
[WhiteElo "1214"]
[BlackElo "1756"]
[PlyCount "53"]
[EventDate "2017.??.??"]

1. e4 e6 2. d4 d5 3. exd5 exd5 4. Nc3 c6 5. Nf3 Bd6 6. Be2 Ne7 7. O-O O-O 8.
Re1 Bf5 9. Bd3 Qd7 10. Ne5 Qc7 11. Qf3 Bxd3 12. Qxd3 Nd7 13. Nxd7 Qxd7 14. Qf3
Ng6 15. Ne2 Rfe8 16. Bf4 Rxe2 17. Rxe2 Nxf4 18. Re3 Re8 19. Rae1 Rxe3 20. Rxe3
Ne6 21. c3 Ng5 22. Qe2 Ne4 23. f3 Nf6 24. c4 dxc4 25. Qxc4 Bc7 26. Qb4 Nd5 27.
Kf2
0-1

[Event "Sveins 10. minneturnering"]
[Site "Oslo"]
[Date "2017.06.24"]
[Round "2"]
[White "Neuzil, Torey G"]
[Black "Vestby, Anniken"]
[Result "1-0"]
[WhiteElo "1743"]
[BlackElo "1336"]
[PlyCount "57"]
[EventDate "2017.??.??"]

1. d4 f5 2. e4 fxe4 3. Nc3 d5 4. Qh5+ g6 5. Qxd5 Qxd5 6. Nxd5 Kd8 7. Bf4 Nc6 8.
Bxc7+ Ke8 9. Bb5 Bd7 10. Bxc6 Bxc6 11. Be5 Nf6 12. Nc7+ Kd7 13. Nxa8 Bh6 14.
Nc7 Rf8 15. Bxf6 exf6 16. d5 Kxc7 17. dxc6 Kxc6 18. Ne2 Rd8 19. Rd1 Re8 20.
Nd4+ Kb6 21. O-O f5 22. c4 f4 23. Rfe1 e3 24. fxe3 fxe3 25. Nc2 Re4 26. b3 Kc7
27. Re2 b6 28. Rde1 Kd6 29. Nxe3
1-0

[Event "Sveins 10. minneturnering"]
[Site "Oslo"]
[Date "2017.06.24"]
[Round "2"]
[White "Tenold, Andreas"]
[Black "Hestvik, Elias"]
[Result "1-0"]
[WhiteElo "1705"]
[BlackElo "1192"]
[PlyCount "69"]
[EventDate "2017.??.??"]

1. e4 e5 2. Nc3 Nc6 3. Bc4 Bb4 4. Nf3 Nf6 5. O-O d6 6. d4 exd4 7. Nxd4 Bxc3 8.
bxc3 Nxe4 9. Re1 d5 10. f3 Nxd4 11. Qxd4 O-O 12. fxe4 dxc4 13. Qxc4 Be6 14. Qb5
b6 15. Ba3 c5 16. Rad1 Qg5 17. Bc1 Qe5 18. Rd3 Rfd8 19. Bb2 Bxa2 20. Rg3 g6 21.
Bc1 Be6 22. Qe2 Rd7 23. Qf3 a5 24. Bh6 f5 25. Re3 fxe4 26. Rxe4 Rd1+ 27. Kf2
Qf5 28. Rxe6 Qxf3+ 29. Rxf3 a4 30. Re7 a3 31. Rff7 a2 32. Rg7+ Kf8 33. Rxh7+
Kg8 34. Reg7+ Kf8 35. Rh8#
1-0

[Event "Sveins 10. minneturnering"]
[Site "Oslo"]
[Date "2017.06.24"]
[Round "3"]
[White "Ostrovskiy, Aleksandr A"]
[Black "Berg, Emanuel"]
[Result "1/2-1/2"]
[WhiteElo "2381"]
[BlackElo "2573"]
[PlyCount "89"]
[EventDate "2017.??.??"]

1. e4 c5 2. Nf3 d6 3. Bb5+ Nd7 4. d4 cxd4 5. Qxd4 a6 6. Bxd7+ Bxd7 7. c4 e5 8.
Qd3 Rc8 9. Nc3 Qc7 10. b3 b5 11. Nd5 Qc6 12. Nd2 Ne7 13. Ne3 Ng6 14. g3 Bh3 15.
Bb2 Be7 16. O-O-O Bg5 17. Kb1 Bxe3 18. Qxe3 O-O 19. Rc1 Qb7 20. f4 f5 21. fxe5
Nxe5 22. cxb5 axb5 23. Ka1 Bg2 24. Rxc8 Rxc8 25. Re1 fxe4 26. Nxe4 Bxe4 27.
Qxe4 Qxe4 28. Rxe4 Re8 29. a4 bxa4 30. bxa4 Kf7 31. Bxe5 dxe5 32. a5 Ke6 33. a6
Kd5 34. Ra4 Kc6 35. Kb2 Kb5 36. Kb3 e4 37. Ra2 e3 38. a7 Ra8 39. Kc3 Kb6 40.
Kd3 Rxa7 41. Rxa7 Kxa7 42. Kxe3 Kb6 43. Ke4 Kc6 44. Ke5 Kd7 45. g4
1/2-1/2

[Event "Sveins 10. minneturnering"]
[Site "Oslo"]
[Date "2017.06.24"]
[Round "3"]
[White "Hector, Jonny"]
[Black "Moen, Andreas G.R."]
[Result "1/2-1/2"]
[WhiteElo "2503"]
[BlackElo "2330"]
[Annotator "Kristoffer"]
[PlyCount "100"]
[EventDate "2017.??.??"]

1. e4 e5 2. Nf3 Nf6 3. Nc3 Nc6 4. g3 Bb4 5. Bg2 O-O 6. O-O Re8 ({Relevant:}
6... d6 7. d3 h6 8. a3 Bxc3 9. bxc3 Be6 10. c4 Qd7 11. Nh4 g5 12. Nf3 Bh3 13.
Ne1 Kh7 14. f3 Rg8 15. g4 Bxg2 16. Nxg2 h5 17. c3 Ne7 18. h4 hxg4 19. fxg4 Qe6
20. Qf3 Nxg4 21. Qxf7+ Qxf7 22. Rxf7+ Rg7 23. Rxg7+ Kxg7 24. Bxg5 Ng8 25. Rf1
a6 26. Rf3 Kg6 27. Rg3 Kh5 28. Ne3 Nxe3 29. Bxe3 Kxh4 30. Rg7 Rc8 31. a4 Kh5
32. Kg2 Nf6 33. Kh3 Rh8 34. Rxc7 Kg6+ 35. Kg2 Rh7 36. Rxh7 {Chigaev,M (2519)
-Melkumyan,H (2633) Riga 2015 1/2-1/2 (80)}) 7. d3 h6 8. Ne2 $146 ({
Predecessor:} 8. Bd2 Bxc3 9. Bxc3 d5 10. exd5 Nxd5 11. Re1 Nxc3 12. bxc3 Bg4
13. h3 Bh5 14. Rb1 Rb8 15. g4 Bg6 16. Nd2 Qd7 17. Qf3 f6 18. Qd5+ Qxd5 19.
Bxd5+ Bf7 20. Bxc6 bxc6 21. c4 Rb6 22. Ne4 Ra6 23. Rb2 Bg6 24. Nc3 e4 25. dxe4
Bf7 26. Rb7 Ra3 27. Re3 Bxc4 28. Rxc7 Bxa2 29. Rxc6 Be6 30. Rd3 a5 31. Kg2 Ra1
32. Nb5 Ra4 33. Nd6 Rb8 34. f4 Rb2 35. Kf3 Rab4 36. f5 Ba2 37. Rc8+ Kh7 {
Glek,I (2571)-Motylev,A (2649) Sochi 2004 1/2-1/2 (87)}) 8... d5 9. c3 dxe4 10.
dxe4 Qxd1 11. Rxd1 Bc5 12. Ne1 Bg4 13. Kf1 Rad8 14. Rxd8 Rxd8 15. b3 Rd1 16. h3
Nxe4 17. hxg4 Nxf2 18. Bxc6 bxc6 19. Bb2 Nxg4 20. Nd4 Rd2 21. Bc1 Rf2+ 22. Kg1
exd4 23. Nd3 Rf5 24. Nxc5 Rxc5 25. cxd4 Rc2 26. Ba3 Nh2 27. Bc5 Nf3+ 28. Kf1
Rh2 29. Rd1 Rxa2 30. Rd3 Nd2+ 31. Kg1 Ne4 32. Be7 f5 33. Bd8 Kf7 34. Bxc7 Ke6
35. Be5 g5 36. Bh8 f4 37. gxf4 g4 38. d5+ cxd5 39. f5+ Kxf5 40. Rxd5+ Kf4 41.
Bg7 Kg3 42. Rd3+ Kh4 43. Bxh6 g3 44. Rd5 Re2 45. Re5 Kh3 46. Rh5+ Kg4 47. Re5
Re1+ 48. Kg2 Re2+ 49. Kg1 Re1+ 50. Kg2 Re2+
1/2-1/2

[Event "Sveins 10. minneturnering"]
[Site "Oslo"]
[Date "2017.06.24"]
[Round "3"]
[White "Hoi, Carsten"]
[Black "Hillarp Persson, Tiger"]
[Result "0-1"]
[WhiteElo "2359"]
[BlackElo "2496"]
[PlyCount "78"]
[EventDate "2017.??.??"]

1. c4 e5 2. e3 d6 3. d4 Nd7 4. Nc3 g6 5. Nf3 Bg7 6. Be2 Ngf6 7. O-O O-O 8. Qc2
Qe7 9. b3 e4 10. Nd2 Re8 11. Bb2 h5 12. Rae1 Nf8 13. f3 exf3 14. Bxf3 c6 15. e4
Qd8 16. Kh1 Ne6 17. Ne2 d5 18. exd5 cxd5 19. Bxd5 Nxd5 20. cxd5 Nc7 21. d6 Nd5
22. Nc4 Be6 23. Ng3 Rc8 24. Qf2 f5 25. Qf3 Qd7 26. a4 Bf7 27. Ne5 Bxe5 28. dxe5
Rc2 29. Ba1 Nb4 30. Nxh5 gxh5 31. Qg3+ Kh7 32. e6 Bxe6 33. Qg5 Qf7 34. Rxe6
Rxe6 35. d7 Nc6 36. d8=Q Nxd8 37. Qxd8 Ree2 38. Qd3 Rxg2 39. Be5 Rgd2
0-1

[Event "Sveins 10. minneturnering"]
[Site "Oslo"]
[Date "2017.06.24"]
[Round "3"]
[White "Tan, Justin"]
[Black "Haubro, Martin"]
[Result "1/2-1/2"]
[WhiteElo "2448"]
[BlackElo "2365"]
[PlyCount "209"]
[EventDate "2017.??.??"]

1. e4 e5 2. Nf3 Nc6 3. Bc4 Nf6 4. d3 Be7 5. O-O O-O 6. Re1 d6 7. a4 Na5 8. Ba2
c5 9. c3 Nc6 10. Na3 h6 11. Bd2 Be6 12. Bxe6 fxe6 13. Nc4 Nd7 14. Rb1 Nb6 15.
Ne3 Qe8 16. Ra1 Qf7 17. Rf1 d5 18. a5 Nd7 19. Qb3 dxe4 20. dxe4 Rab8 21. h3 Qg6
22. Nf5 Bd8 23. Be3 Kh7 24. Ng3 Bxa5 25. Rfd1 Rf7 26. Rd6 Bb6 27. Nh4 Qf6 28.
Rxe6 Qxh4 29. Rxh6+ Qxh6 30. Bxh6 c4 31. Qxc4 Rxf2 32. Bc1 Re2+ 33. Kh2 Re1 34.
h4 Nf6 35. Kh3 Bf2 36. Qf7 Rd8 37. Bg5 Rd3 38. Rxe1 Rxg3+ 39. Kh2 Ng4+ 40. Kh1
Bxe1 41. Qxb7 Rd3 42. Qxc6 Bxh4 43. g3 Bxg5 44. Qe8 Rd1+ 45. Kg2 Rd2+ 46. Kh3
Nf2+ 47. Kg2 Bh6 48. Kf3 Nd1 49. Qb8 Rxb2 50. Qxa7 Rf2+ 51. Kg4 Rf1 52. Kh3
Nxc3 53. Qc5 Ne2 54. Qxe5 Rf3 55. Kg2 Rxg3+ 56. Kf2 Rg5 57. Qb8 Nf4 58. Qc8
Nd3+ 59. Ke2 Ne5 60. Kf2 Rh5 61. Qe8 Ng6 62. Kg2 Re5 63. Qc6 Nf4+ 64. Kf3 Ng6
65. Qb7 Bg5 66. Qc8 Nh4+ 67. Kg4 Bf6 68. Qa8 Rg5+ 69. Kf4 Ng6+ 70. Kf3 Be5 71.
Qc8 Nh4+ 72. Ke2 Rg2+ 73. Ke3 Rg3+ 74. Kf2 Rc3 75. Qg4 Rc2+ 76. Kf1 Rh2 77.
Qh5+ Kg8 78. Qxe5 Rh1+ 79. Kf2 Ng6 80. Qg3 Rh6 81. Qg5 Kh8 82. Ke3 Kh7 83. Qf5
Kh8 84. Kd4 Kg8 85. Kc5 Ne7 86. Qd7 Nc6 87. Qxc6 Rxc6+ 88. Kxc6 Kf7 89. Kd7 Kf6
90. Kd6 Kf7 91. Kd7 Kf6 92. Kd6 Kf7 93. e5 Ke8 94. Ke6 g5 95. Kf5 Ke7 96. Kxg5
Ke6 97. Kf4 Ke7 98. Kf5 Kf7 99. e6+ Ke7 100. Ke5 Ke8 101. Kd5 Ke7 102. Ke5 Ke8
103. Kd6 Kd8 104. e7+ Ke8 105. Ke6
1/2-1/2

[Event "Sveins 10. minneturnering"]
[Site "Oslo"]
[Date "2017.06.24"]
[Round "3"]
[White "Merkesvik, Sondre"]
[Black "Hansen, Torbjørn R."]
[Result "0-1"]
[WhiteElo "2220"]
[BlackElo "2443"]
[PlyCount "56"]
[EventDate "2017.??.??"]

1. g3 Nf6 2. Bg2 d5 3. Nf3 e6 4. d4 Be7 5. c4 O-O 6. O-O dxc4 7. Qc2 a6 8. a4
c5 9. dxc5 Bxc5 10. Qxc4 b6 11. b4 Bd6 12. Rd1 Qe7 13. Bg5 Bb7 14. Nc3 Bxb4 15.
Bxf6 gxf6 16. Ne4 Bxe4 17. Qxe4 Ra7 18. Rab1 Bc5 19. Ne1 Rd7 20. Rxd7 Nxd7 21.
Qb7 Rb8 22. Qxa6 Bxf2+ 23. Kxf2 Qc5+ 24. e3 Qf5+ 25. Bf3 Qxb1 26. Qa7 Qa2+ 27.
Be2 Qd5 28. Bb5 Rd8
0-1

[Event "Sveins 10. minneturnering"]
[Site "Oslo"]
[Date "2017.06.24"]
[Round "3"]
[White "Arvola, Benjamin"]
[Black "Haug, Johannes"]
[Result "1-0"]
[WhiteElo "2435"]
[BlackElo "2335"]
[PlyCount "81"]
[EventDate "2017.??.??"]

1. d4 Nf6 2. c4 e6 3. Nc3 Bb4 4. Bg5 c5 5. d5 exd5 6. cxd5 d6 7. e3 Nbd7 8. Bd3
Qa5 9. Nge2 Nxd5 10. O-O Bxc3 11. bxc3 c4 12. Bf5 N7f6 13. Ng3 O-O 14. e4 Bxf5
15. exd5 Bg6 16. Bxf6 gxf6 17. Qf3 Rfe8 18. h4 Re5 19. Rad1 Bd3 20. Rfe1 Qxd5
21. Qxf6 Qe6 22. Qxe6 Rxe6 23. Nh5 Be2 24. Nf4 Bxd1 25. Nxe6 fxe6 26. Rxd1 d5
27. f3 Kf7 28. Kf2 Kf6 29. g4 Rd8 30. Ke3 e5 31. f4 b5 32. fxe5+ Kxe5 33. Rf1
Rd7 34. Rf5+ Ke6 35. Kd4 a6 36. Re5+ Kf6 37. Rxd5 Rg7 38. g5+ Kg6 39. Rd6+ Kh5
40. Rh6+ Kg4 41. Kc5
1-0

[Event "Sveins 10. minneturnering"]
[Site "Oslo"]
[Date "2017.06.24"]
[Round "3"]
[White "Lindbøl, Aleksander"]
[Black "Djurhuus, Rune"]
[Result "1/2-1/2"]
[WhiteElo "2076"]
[BlackElo "2421"]
[PlyCount "181"]
[EventDate "2017.??.??"]

1. c4 Nf6 2. g3 g6 3. Bg2 Bg7 4. Nc3 O-O 5. e3 e5 6. Nge2 d6 7. O-O c6 8. d4
Na6 9. b3 Re8 10. Bb2 e4 11. d5 c5 12. a3 Bf5 13. Nb1 Nb8 14. h3 h5 15. Nd2
Nbd7 16. Nc3 Qe7 17. Ra2 a6 18. Qa1 Bh6 19. Na4 g5 20. b4 b5 21. Nb6 Rab8 22.
Nxd7 Nxd7 23. cxb5 axb5 24. Nb3 Rbc8 25. Rd1 Ne5 26. bxc5 Nf3+ 27. Bxf3 exf3
28. Bf6 Qa7 29. Nd4 Bxh3 30. Nxf3 Bg4 31. Bxg5 Bxg5 32. Nxg5 Bxd1 33. Qxd1 Qxc5
34. Qxh5 Qxd5 35. Qh7+ Kf8 36. Qh6+ Ke7 37. Ra1 Rg8 38. Nh3 Rh8 39. Qg5+ Qxg5
40. Nxg5 Rc3 41. Nf3 Rhc8 42. Nd4 Rc1+ 43. Rxc1 Rxc1+ 44. Kg2 Rb1 45. f4 d5 46.
g4 Kd6 47. g5 Kc5 48. Ne6+ Kd6 49. Nd4 b4 50. axb4 Rxb4 51. Kf3 Rc4 52. Nf5+
Kd7 53. Nh6 Ke6 54. f5+ Ke7 55. Ng4 d4 56. exd4 Rxd4 57. Ne3 Ra4 58. Ng4 Kd6
59. Kg3 Kd5 60. Kf3 Ra1 61. Nh6 Ke5 62. Kg4 Rg1+ 63. Kh5 f6 64. gxf6 Kxf6 65.
Ng4+ Kxf5 66. Nh6+ Kf4 67. Nf7 Rg7 68. Nh6 Rg5+ 69. Kh4 Ra5 70. Nf7 Ra1 71. Kh5
Rg1 72. Kh6 Kf5 73. Nd6+ Ke6 74. Ne4 Ke5 75. Ng5 Kf5 76. Nh7 Rg6+ 77. Kh5 Ra6
78. Nf8 Ra1 79. Kh6 Rg1 80. Nh7 Rg2 81. Nf8 Kf6 82. Nh7+ Ke6 83. Ng5+ Kf5 84.
Nh7 Rg8 85. Kh5 Ra8 86. Kh6 Ra6+ 87. Kh5 Ra3 88. Kh6 Ra7 89. Nf8 Kf6 90. Nh7+
Rxh7+ 91. Kxh7
1/2-1/2

[Event "Sveins 10. minneturnering"]
[Site "Oslo"]
[Date "2017.06.24"]
[Round "3"]
[White "Kaasen, Tor Fredrik"]
[Black "Kovachev, Daniel Jakobsen"]
[Result "1/2-1/2"]
[WhiteElo "2402"]
[BlackElo "2308"]
[PlyCount "79"]
[EventDate "2017.??.??"]

1. e4 e5 2. Nf3 Nc6 3. Bc4 Bc5 4. c3 Nf6 5. d3 a6 6. O-O d6 7. h3 Ba7 8. Bb3 h6
9. Re1 O-O 10. Nbd2 Re8 11. Nf1 Be6 12. Ng3 Bxb3 13. Qxb3 Qd7 14. Be3 Bxe3 15.
Rxe3 d5 16. Rae1 dxe4 17. Nxe4 Nxe4 18. Rxe4 b5 19. R4e3 Rad8 20. Qa3 a5 21.
Qb3 Rb8 22. Qc2 f6 23. d4 exd4 24. cxd4 Rxe3 25. fxe3 Nb4 26. Qd2 Ra8 27. a3
Nd5 28. e4 Nb6 29. Rc1 Nc4 30. Qc3 a4 31. d5 Re8 32. Re1 c6 33. dxc6 Qxc6 34.
Qd4 Qb6 35. Qxb6 Nxb6 36. Nd4 Re5 37. Nf3 Re7 38. Nd4 Re5 39. Nf3 Re8 40. Nd4
1/2-1/2

[Event "Sveins 10. minneturnering"]
[Site "Oslo"]
[Date "2017.06.24"]
[Round "3"]
[White "Grønn, Atle"]
[Black "Getz, Nicolai"]
[Result "0-1"]
[WhiteElo "2331"]
[BlackElo "2391"]
[PlyCount "86"]
[EventDate "2017.??.??"]

1. Nf3 Nf6 2. c4 e6 3. g3 d5 4. Bg2 Be7 5. O-O O-O 6. d4 dxc4 7. Qc2 a6 8. a4
Bd7 9. Qxc4 Bc6 10. Bg5 a5 11. Nc3 Na6 12. Rfd1 Nb4 13. Rac1 Rc8 14. Ne5 Bxg2
15. Kxg2 c6 16. Bxf6 Bxf6 17. Ne4 b6 18. Nxf6+ gxf6 19. Ng4 h5 20. Ne3 f5 21.
f4 Kg7 22. Kf3 Rh8 23. Ng2 Qf6 24. Qb3 Rhd8 25. e3 c5 26. dxc5 Rxd1 27. Qxd1
bxc5 28. Qe2 c4 29. Rxc4 Rxc4 30. Qxc4 Qxb2 31. Ne1 Nd5 32. Nc2 Qb7 33. Kf2 Nf6
34. Kg1 Qb1+ 35. Kg2 Ng4 36. Kf3 Qd1+ 37. Qe2 Nxh2+ 38. Kf2 Ng4+ 39. Kf3 Qd5+
40. e4 Qb3+ 41. Ne3 fxe4+ 42. Kxe4 Nxe3 43. Qxe3 Qd5#
0-1

[Event "Sveins 10. minneturnering"]
[Site "Oslo"]
[Date "2017.06.24"]
[Round "3"]
[White "Westerinen, Heikki M.J."]
[Black "Ranaldi, Lucas"]
[Result "1-0"]
[WhiteElo "2305"]
[BlackElo "2278"]
[PlyCount "82"]
[EventDate "2017.??.??"]

1. e4 c5 2. Nf3 d6 3. c3 Nf6 4. h3 g6 5. Bd3 Bg7 6. Bc2 e5 7. d4 exd4 8. cxd4
cxd4 9. Nxd4 d5 10. e5 Ne4 11. Ba4+ Bd7 12. Bxd7+ Qxd7 13. O-O O-O 14. f3 Nc5
15. f4 Nc6 16. Be3 Ne6 17. Nc3 Rad8 18. Nxe6 fxe6 19. Bc5 Rf7 20. Qg4 b6 21.
Bd6 Nd4 22. Rf2 Nf5 23. Ba3 Ne3 24. Qg3 Nc4 25. Rd1 Nxa3 26. bxa3 Qe8 27. Ne2
Bf8 28. Kh2 Bc5 29. Rf3 Kh8 30. Rb3 Rc8 31. Qg4 Rfc7 32. Rdd3 a6 33. a4 Re7 34.
Nd4 Qd7 35. Nf3 Rce8 36. a5 bxa5 37. Ng5 Qa4 38. f5 Qxa2 39. fxe6 Qa1 40. Nf3
Rxe6 41. Rxd5 Bf8
1-0